000 00710nam a2200253Ia 4500
003 OSt
005 20220918195256.0
006 a|||||r|||| 00| 0
007 ta
008 220917b |||||||| |||| 00| 0 eng d
024 _a84,447
037 _cTextual
040 _aARTS
_cARTS
_beng
041 _2eng
_aeng
082 _aS8, L71
100 _aUrick Ronald V
_989900
245 0 _aAlienation
_b individual or social problems
250 _a2nd
260 _aEnglewood
_bCliffts Prentice Hall
_c1977
490 _aInquiry into crucial american problems ed by jack R Fracnkel
650 _aSOCIAL PSYCHOLOGY
942 _hS8, L71
_cTEXL
_2CC
999 _c208161
_d208161